00429pab a2200145 454500008004000000100002300040245006900063260000900132300001300141362000800154650004600162650002300208700002100231773003100252180718b1999 xxu||||| |||| 00| 0 eng d aKing, Elizabeth M. aEvaluating education reforms: four cases in developing countries c1999 ap.409-13 aSep aEducational reform - Developing countries aEducational reform aOrazem, Peter F. aWorld Bank Economic Review